[Event "Baden-ch op U1400"]
[Site "Haslach im Kinzigtal"]
[Date "2010.06.06"]
[Round "7"]
[White "Pflumm, Markus"]
[Black "Roser, Konrad"]
[Result "0-1"]
[WhiteElo "1228"]
[BlackElo "1270"]
[PlyCount "78"]
[EventDate "2010.05.31"]
[EventType "swiss"]
[EventRounds "7"]
[EventCountry "GER"]
[SourceTitle "EXT 2011"]
[Source "ChessBase"]
[SourceDate "2010.11.26"]
[SourceVersion "1"]
[SourceVersionDate "2010.11.26"]
[SourceQuality "1"]

1. e4 Nc6 2. Nf3 Nf6 3. Nc3 e6 4. d4 Bb4 5. e5 Bxc3+ 6. bxc3 Nd5 7. Bb2 a6 8. c4 Nf4 9. g3 Ng6 10. Bd3 0-0 11. 0-0 d5 12. cxd5 exd5 13. Re1 Bg4 14. Rb1 Qd7 15. Be2 h6 16. Nd2 Bh3 17. Bf3 b5 18. Nb3 Nge7 19. Nc5 Qf5 20. Qd3 Rae8 21. Qxf5 Bxf5 22. g4 Bc8 23. c3 f5 24. h3 fxg4 25. Bxg4 Bxg4 26. hxg4 Rf4 27. Kg2 Rxg4+ 28. Kh3 Rf4 29. Nxa6 Rxf2 30. Nxc7 Ref8 31. Rg1 g5 32. Nxb5 R8f4 33. Rg4 Rf8 34. Nc7 Ng6 35. Ba3 R8f3+ 36. Rg3 Nf4+ 37. Kg4 h5+ 38. Kxg5 Rxg3+ 39. Kh4 Rg4# 0-1

[Event "Baden-ch op U1400"]
[Site "Haslach im Kinzigtal"]
[Date "2010.05.31"]
[Round "1"]
[White "Pflumm, Markus"]
[Black "Gschnitzer, Adrian"]
[Result "0-1"]
[WhiteElo "1228"]
[BlackElo "1279"]
[PlyCount "86"]
[EventDate "2010.05.31"]
[EventType "swiss"]
[EventRounds "7"]
[EventCountry "GER"]
[SourceTitle "EXT 2011"]
[Source "ChessBase"]
[SourceDate "2010.11.26"]
[SourceVersion "1"]
[SourceVersionDate "2010.11.26"]
[SourceQuality "1"]

1. e4 c5 2. Nf3 Nc6 3. d4 cxd4 4. Nxd4 g6 5. Nc3 Bg7 6. Be3 Nf6 7. Bd3 0-0 8. h3 e5 9. Nf3 d5 10. exd5 Nxd5 11. Nxd5 Qxd5 12. c4 Qe6 13. Ng5 Qe7 14. 0-0 f5 15. Bd2 e4 16. Be2 h6 17. Nxe4 Qxe4 18. Rb1 Rd8 19. Re1 Qd4 20. Be3 Qxd1 21. Rexd1 Rxd1+ 22. Bxd1 Be6 23. b3 Rd8 24. Bf3 Bd4 25. Bxh6 Rd7 26. Re1 Bf7 27. Bg5 Nb4 28. Re7 Rxe7 29. Bxe7 Nxa2 30. Bxb7 Nc1 31. c5 Nxb3 32. c6 Bd5 33. Bd8 Bb6 34. Bg5 Na5 35. Ba6 Nxc6 36. Kf1 Kf7 37. f3 Nb4 38. Bc8 a5 39. Bd7 Bc6 40. Bc8 a4 41. Bc1 a3 42. Bxa3 Nc2 43. Bc1 Bb5# 0-1